书目信息 |
| 题名: |
译馀偶拾
|
|
| 作者: | 杨宪益 著 | |
| 分册: | ||
| 出版信息: | 北京 三联书店 1983.6 |
|
| 页数: | 368页 | |
| 开本: | 19cm | |
| 丛书名: | ||
| 单 册: | ||
| 中图分类: | Z429.6 | |
| 科图分类: | ||
| 主题词: | 杂著--中国--现代 , 选集--中国 | |
| 电子资源: | ||
| ISBN: | ||
| 000 | 00514nam0 2200205 45 | |
| 001 | 0181015274 | |
| 005 | 20060722164531.56 | |
| 010 | @dCNY1.25 | |
| 091 | @a7002.29 | |
| 100 | @a20810111d km y0chiy0120 ea | |
| 101 | 0 | @achi |
| 200 | 1 | @a译馀偶拾@Ayi yu ou shi@f杨宪益著@Fyang xian yi |
| 210 | @a北京@c三联书店@d1983.6 | |
| 215 | @a368页@d19cm | |
| 606 | 0 | @a杂著@x中国@z现代 |
| 606 | 0 | @a选集@x中国 |
| 690 | @aZ429.6@v3 | |
| 701 | 0 | @a杨宪益@4著 |
| 801 | @aCN@bTSTC@c20060722 | |
| 905 | @dZ429.6@e6@f1@b92988 | |
| 译馀偶拾/杨宪益著.-北京:三联书店,1983.6 |
| 368页;19cm |
| ISBN :CNY1.25 |
| ● |
| 相关链接 |
|
|
|
|
正题名:译馀偶拾
索取号:Z429.6/6
 
预约/预借
| 序号 | 登录号 | 条形码 | 馆藏地/架位号 | 状态 | 备注 |
| 1 | 0092985 | 001316784 | 第三借阅区/ [索取号:Z429.6/6] | 在馆 | |
| 2 | 0092986 | 001316702 | 第三借阅区/ [索取号:Z429.6/6] | 在馆 | |
| 3 | 0092987 | 002027611 | 第三借阅区/ [索取号:Z429.6/6] | 在馆 | |
| 4 | 0092988 | 001972315 | 第三借阅区/ [索取号:Z429.6/6] | 在馆 | |
| 5 | 0092989 | 001316748 | 第二样本阅览室/ [索取号:Z429.6/6] | 在馆 | |
| 6 | 0177790 | 001316668 | 第三借阅区/ [索取号:Z429.6/6] | 在馆 | |
| 7 | 0177791 | 001316114 | 第三借阅区/ [索取号:Z429.6/6] | 在馆 | |
| 8 | 0177792 | 001316150 | 第三借阅区/ [索取号:Z429.6/6] | 在馆 | |
| 9 | 0427531 | 204275319 | 密集书库/ [索取号:Z429.6/6] | 在馆 |